00525 2200205 4500001002100000008004100021035002000062245004500082100002000127260002700147300001200174020001800186084001700204082000800221650001200229990001800241990002000259990002000279990002000299INLIS000000000000926 ind  a0010-0724000926 aGurun Dan Daerah TanduscEko supatmawati aEko supatmawati aSurabaya :bSIC,c2007 a28 hlm. a979-9925-05-3 a551.41 EKO G a551 aGeologi aP29/CP/24/926 aP29/CP/24/926.4 aP29/CP/24/926.3 aP29/CP/24/926.2